000 00687cam a2200241u 4500
001 25505
003 BD-RjUL
005 20211209050905.0
008 140318s1929 enk 000 0aeng d
035 _a(BD-RjUL)25575
040 _aDLC
_cCarP
_dDLC
_dBD-RjUL
_beng
041 _aeng
082 0 0 _a822.9
_bGAP 1929
100 1 _aGalsworthy, John,
_d1867-1933.
_978448
245 0 4 _aThe plays of John Galsworthy /
_cJohn Galsworthy,
260 _aLondon :
_bDuckworth,
_c1929.
300 _a1150 p. ;
_c24 cm.
600 0 _aJohn Galsworthy
_978451
942 _2ddc
_cBK
999 _c25505
_d25505